000
00286nam a22000977a 4500
999
_c
526701
_d
526701
082
_a
SNT AB45 W833
100
_a
Woolson, Gayle
_9
46261
245
_a
Divine symphony: A comparative study of religions
_b
By Woolson, Gayle
260
_a
New Delhi
_b
Bahat Pub; trust
_c
1988
300
_a
137p